[Event "AUTO-OPEN-3709"]
[Site "http://www.queenalice.com/game.php?id=1443108"]
[Date "2016.9.27"]
[Round "1"]
[White "Martacxg"]
[Black "Dogeval"]
[Result "0-1"]
[WhiteElo "2328"]
[BlackElo "2553"]

1. d4 Nf6 2. c4 e6 3. Nc3 Bb4 4. Bd2 O-O 5. e3 d5 6. Nf3 b6 7. cxd5 exd5 8. Be2
Bd6 9. Nb5 Be7 10. Rc1 c5 11. dxc5 bxc5 12. O-O Bb7 13. Ne5 Nbd7 14. Nxd7 Qxd7
15. Bc3 Ne4 16. Na3 Bc6 17. Nb1 Bd6 18. Nd2 Nxc3 19. Rxc3 Rab8 20. b3 h6 21. Nf3
Rfe8 22. g3 Qe7 23. Nh4 Qe5 24. Qc1 d4 25. Bf3 dxc3 26. Bxc6 Rec8 27. Bg2 c4 28.
Nf3 Qf6 29. Nd4 cxb3 30. axb3 Be5 31. Rd1 Bxd4 32. Rxd4 Rxb3 33. Be4 Rb2 34. Bc2
Qf3 35. Rf4 Qe2 36. Bf5 c2 0-1

[Event "AUTO-OPEN-3709"]
[Site "http://www.queenalice.com/game.php?id=1443109"]
[Date "2016.9.27"]
[Round "1"]
[White "Dogeval"]
[Black "Martacxg"]
[Result "1-0"]
[WhiteElo "2556"]
[BlackElo "2323"]

1. e4 e6 2. d4 d5 3. Nd2 Nf6 4. Bd3 c5 5. e5 Nfd7 6. c3 Nc6 7. Ne2 cxd4 8. cxd4
Qb6 9. Nf3 Bb4+ 10. Bd2 Bxd2+ 11. Qxd2 Qb4 12. O-O Qxd2 13. Nxd2 Nb6 14. a3 Bd7
15. b4 Ke7 16. Rfc1 Rac8 17. Nb3 a6 18. Nc5 Rc7 19. f4 g6 20. Kf2 h5 21. Rab1
Na7 22. a4 Nxa4 23. Nxa4 Rxc1 24. Rxc1 Bxa4 25. Rc7+ Bd7 26. Rxb7 Nb5 27. Bxb5
axb5 28. Nc3 Rc8 29. Nxb5 Rc4 30. Nd6 Rxd4 31. Ke3 Rd1 32. b5 Rb1 33. b6 Rb4 34.
Ra7 h4 35. b7 f6 36. Ra8 fxe5 37. fxe5 d4+ 38. Kd3 1-0

[Event "AUTO-OPEN-3510"]
[Site "http://www.queenalice.com/game.php?id=1443972"]
[Date "2016.10.3"]
[Round "3"]
[White "Martacxg"]
[Black "jacconsultoria"]
[Result "0-1"]
[WhiteElo "2318"]
[BlackElo "2592"]

1. d4 Nf6 2. c4 c5 3. dxc5 e6 4. Nf3 Bxc5 5. e3 O-O 6. Be2 Nc6 7. O-O b6 8. a3
a5 9. Bd2 Bb7 10. Bc3 d5 11. cxd5 Nxd5 12. Qc2 Qc7 13. Nbd2 Nxc3 14. Qxc3 Rac8
15. Rac1 Qb8 16. Ne4 Be7 17. Qb3 Ne5 18. Nxe5 Qxe5 19. Ng3 Qd5 20. Qxd5 Bxd5 21.
Ba6 Rc5 22. Rxc5 Bxc5 23. Ne2 Bb3 24. Nc3 Rd8 25. g3 Rd2 26. Ne4 Rxb2 27. Nxc5
bxc5 28. Rc1 Rc2 29. Rb1 a4 30. Bd3 Rd2 31. Bf1 g6 32. Rc1 Ra2 33. Rxc5 Rxa3 34.
Bc4 Ra1+ 35. Kg2 Rc1 36. Rc8+ Kg7 37. Bxb3 Rxc8 38. Bxa4 e5 39. g4 Rc4 40. Bd7
Kf6 41. h3 Ke7 42. Bb5 Rb4 43. Bc6 f5 44. Kg3 Kf6 45. Bd7 f4+ 46. exf4 exf4+ 47.
Kg2 Kg5 48. Bc6 Rb3 49. Bd5 Rc3 50. Bg8 Kh4 51. Bxh7 g5 52. Bf5 Rxh3 53. f3 Rg3+
54. Kf2 Kh3 55. Be4 Rg2+ 56. Kf1 Kg3 0-1

[Event "AUTO-OPEN-3510"]
[Site "http://www.queenalice.com/game.php?id=1443973"]
[Date "2016.10.3"]
[Round "3"]
[White "jacconsultoria"]
[Black "Martacxg"]
[Result "1-0"]
[WhiteElo "2585"]
[BlackElo "2332"]

1. c4 Nf6 2. Nc3 d5 3. cxd5 Nxd5 4. Nf3 c6 5. g3 g6 6. Bg2 Bg7 7. O-O O-O 8. e4
Nxc3 9. dxc3 Bg4 10. Qb3 Qb6 11. Be3 Qxb3 12. axb3 a6 13. h3 Bxf3 14. Bxf3 Nd7
15. Rfd1 Ne5 16. Bg2 f5 17. f4 Nf7 18. e5 Rfd8 19. Bb6 Rxd1+ 20. Rxd1 g5 21. Rd7
gxf4 22. gxf4 Bh6 23. Rxb7 Bxf4 24. Rxe7 Nxe5 25. Bd4 Ng6 26. Rg7+ Kf8 27. Rxh7
Re8 28. Bxc6 Re1+ 29. Kf2 Rc1 30. Rh5 Rc2+ 31. Kf3 1-0

[Event "AUTO-OPEN-3739"]
[Site "http://www.queenalice.com/game.php?id=1454666"]
[Date "2016.12.13"]
[Round "1"]
[White "Martacxg"]
[Black "bouley"]
[Result "1-0"]
[WhiteElo "2318"]
[BlackElo "1913"]

1. d4 Nf6 2. c4 g6 3. Nc3 Bg7 4. e4 d6 5. Bf4 O-O 6. h3 c6 7. Nf3 Nbd7 8. e5
dxe5 9. dxe5 Nh5 10. Bh2 Bh6 11. g4 e6 12. gxh5 gxh5 13. Bd3 f5 14. h4 b6 15.
Ng5 Bxg5 16. Rg1 Nc5 17. Rxg5+ Kh8 18. Bc2 Ba6 19. b4 Nd7 20. Bb3 Qe7 21. Qd6
Qxd6 22. exd6 Rad8 23. O-O-O Bc8 24. Rxh5 Nf6 25. Be5 Kg8 26. Rg1+ Kh8 27. Rh6
1-0

[Event "AUTO-OPEN-3739"]
[Site "http://www.queenalice.com/game.php?id=1454667"]
[Date "2016.12.13"]
[Round "1"]
[White "bouley"]
[Black "Martacxg"]
[Result "0-1"]
[WhiteElo "1915"]
[BlackElo "2317"]

1. e4 e6 2. d4 d5 3. e5 c5 4. c3 Nc6 5. Nf3 Bd7 6. Be2 cxd4 7. cxd4 Bb4+ 8. Bd2
Bxd2+ 9. Qxd2 Nge7 10. O-O Nf5 11. Nc3 O-O 12. Rac1 Rc8 13. a3 Na5 14. Bd1 b5
15. b4 Nc4 16. Qa2 Qb6 17. Ne2 Rc7 18. Bb3 Rfc8 19. h3 a5 20. bxa5 Qxa5 21. Bxc4
Rxc4 22. Rxc4 Rxc4 23. Kh2 h6 24. g4 Ne7 25. Rc1 Rxc1 26. Nxc1 Qc3 27. Qe2 Qxc1
0-1

[Event "AUTO-OPEN-3739"]
[Site "http://www.queenalice.com/game.php?id=1454668"]
[Date "2016.12.13"]
[Round "1"]
[White "Martacxg"]
[Black "APSHOOTER"]
[Result "1-0"]
[WhiteElo "2316"]
[BlackElo "1741"]

1. d4 g6 2. Nf3 Bg7 3. c4 b6 4. e4 Bb7 5. Bd3 e6 6. O-O Nc6 7. Be3 e5 8. d5 Nb4
9. Be2 Qe7 10. a3 Na6 11. b4 c5 12. b5 d6 13. bxa6 Bxa6 14. Qa4+ b5 15. Qxa6 Nf6
16. Qc6+ Qd7 17. Qxa8+ Qd8 18. Qxd8+ 1-0

[Event "AUTO-OPEN-3739"]
[Site "http://www.queenalice.com/game.php?id=1454669"]
[Date "2016.12.13"]
[Round "1"]
[White "APSHOOTER"]
[Black "Martacxg"]
[Result "0-1"]
[WhiteElo "1711"]
[BlackElo "2319"]

1. e4 e6 2. Nf3 d5 3. e5 c5 4. Bb5+ Bd7 5. Nc3 Ne7 6. d4 cxd4 7. Bxd7+ Qxd7 8.
Qxd4 Nbc6 9. Qa4 Ng6 10. O-O Ncxe5 11. Qxd7+ Kxd7 12. Nxe5+ Nxe5 13. Ne2 b5 14.
Nd4 Rb8 15. Bd2 Bc5 16. c3 Bxd4 17. cxd4 Nc4 18. Bc3 b4 19. b3 Nd6 20. Bd2 Ne4
21. Be3 Nc3 22. a3 bxa3 23. Rxa3 Rb7 24. b4 Rc8 25. Rfa1 Nb5 26. Ra6 Rc4 27. h3
Rxb4 28. R6a5 f6 29. Kh2 g5 30. g4 h6 31. Kg3 Nxd4 32. Rxa7 Nc2 33. Rxb7+ Rxb7
34. Ra7 Rxa7 35. Bxa7 d4 36. Kf3 d3 37. Be3 f5 38. gxf5 exf5 39. Bd2 Ke6 40. Kg2
Ke5 41. Kg3 Kf6 42. f4 Kg6 43. Kf3 Kh5 44. Bc1 Nd4+ 45. Ke3 Ne2 46. Bd2 Nxf4 47.
Kf3 Nxh3 0-1

[Event "AUTO-MASTER-2475"]
[Site "http://www.queenalice.com/game.php?id=1455552"]
[Date "2016.12.19"]
[Round "2"]
[White "Martacxg"]
[Black "ApplePlayer"]
[Result "1-0"]
[WhiteElo "2304"]
[BlackElo "2256"]

1. d4 Nf6 2. c4 g6 3. Nc3 Bg7 4. e4 d6 5. Nf3 O-O 6. h3 e5 7. dxe5 dxe5 8. Qc2
Nc6 9. Bg5 Nd4 10. Qd1 Nxf3+ 11. Qxf3 c6 12. Rd1 Qe7 13. Be2 h6 14. Bh4 Be6 15.
O-O 1-0

[Event "AUTO-MASTER-2475"]
[Site "http://www.queenalice.com/game.php?id=1455553"]
[Date "2016.12.19"]
[Round "2"]
[White "ApplePlayer"]
[Black "Martacxg"]
[Result "0-1"]
[WhiteElo "2239"]
[BlackElo "2311"]

1. e4 e6 2. d4 d5 3. Nd2 Nf6 4. e5 Nfd7 5. f4 c5 6. Ne2 Nc6 7. c3 cxd4 8. cxd4
Qb6 9. Nf3 Bb4+ 10. Kf2 f6 11. Kg3 O-O 12. a3 Be7 13. h4 fxe5 14. fxe5 Qc7 15.
Nf4 Nb6 16. Ng5 Nd8 17. Qh5 Bxg5 18. hxg5 g6 19. Nxg6 Rf7 20. Bd3 Nd7 21. Nf4
Nf8 22. g6 Rg7 0-1

[Event "AUTO-MASTER-2475"]
[Site "http://www.queenalice.com/game.php?id=1455554"]
[Date "2016.12.19"]
[Round "2"]
[White "Martacxg"]
[Black "SubRoger"]
[Result "1-0"]
[WhiteElo "2299"]
[BlackElo "2055"]

1. d4 d5 2. c4 e6 3. Nc3 c6 4. e3 f5 5. Nf3 Nf6 6. Bd3 Bd6 7. O-O O-O 8. Ne5 Qe7
9. f4 Nbd7 10. cxd5 cxd5 11. Bd2 Ne4 12. a3 Nxc3 13. Bxc3 Nf6 14. Rf3 Ne4 15.
Bxe4 fxe4 16. Rg3 Bxe5 17. dxe5 Bd7 18. Bb4 Qf7 19. Bxf8 Kxf8 20. Rc1 Bc6 21. b4
a6 22. Qc2 g6 23. Qc5+ Ke8 24. h4 Rc8 25. Qb6 Kd7 26. a4 Ke8 27. b5 axb5 28.
axb5 Bd7 29. Rxc8+ Bxc8 30. Qd6 Qd7 31. Qxd7+ Bxd7 32. b6 Ke7 33. h5 Be8 34.
hxg6 Bxg6 35. Rh3 Kd7 36. Kf2 Kc6 37. Ke2 Kxb6 38. Kd2 Kb5 39. Kc3 Kc5 40. Rh1
Bf5 41. g4 Bg6 42. Rc1 Kb5 43. Kb3 Kb6 44. Kb4 Ka6 45. Kc5 b6+ 46. Kd6 1-0

[Event "AUTO-MASTER-2475"]
[Site "http://www.queenalice.com/game.php?id=1455555"]
[Date "2016.12.19"]
[Round "2"]
[White "SubRoger"]
[Black "Martacxg"]
[Result "1-0"]
[WhiteElo "2010"]
[BlackElo "2320"]

1. e4 e6 2. Nf3 d5 3. exd5 exd5 4. d4 Bd6 5. Bd3 Ne7 6. O-O Bg4 7. c3 Nbc6 8.
Bg5 f6 9. Bh4 Qd7 10. Nbd2 O-O-O 11. b4 h5 12. Qa4 g5 13. Bg3 Bxf3 14. Nxf3 h4
15. Bxd6 Qxd6 16. b5 g4 17. Nd2 Nb8 18. Qxa7 Qf4 19. Nb3 g3 20. h3 gxf2+ 21.
Rxf2 Qe3 22. Nc5 Rdg8 23. Qxb7+ Kd8 24. Qxb8+ Nc8 25. Bf5 Rxg2+ 26. Kxg2 Rg8+
27. Kf1 1-0

[Event "AUTO-OPEN-3691"]
[Site "http://www.queenalice.com/game.php?id=1459954"]
[Date "2017.1.17"]
[Round "3"]
[White "Dogeval"]
[Black "Martacxg"]
[Result "1-0"]
[WhiteElo "2614"]
[BlackElo "2317"]

1. e4 e6 2. d4 d5 3. Nd2 Nf6 4. e5 Nfd7 5. Bd3 c5 6. c3 Nc6 7. Ne2 cxd4 8. cxd4
Qb6 9. Nb3 Bb4+ 10. Kf1 a5 11. a4 Qd8 12. h4 Be7 13. Kg1 Bxh4 14. Nc3 g6 15. Bh6
Rg8 16. Nb5 Be7 17. Qf3 f6 18. exf6 Nxf6 19. Bf4 Kf8 20. Nc7 Bd7 21. Rxh7 Nxh7
22. Bh6# 1-0

[Event "AUTO-OPEN-3691"]
[Site "http://www.queenalice.com/game.php?id=1459955"]
[Date "2017.1.17"]
[Round "3"]
[White "Martacxg"]
[Black "Dogeval"]
[Result "0-1"]
[WhiteElo "2314"]
[BlackElo "2617"]

1. d4 Nf6 2. c4 e6 3. Nc3 Bb4 4. Bd2 O-O 5. e3 b6 6. Be2 Bb7 7. Nf3 d5 8. O-O
Bd6 9. h3 c5 10. cxd5 exd5 11. Rc1 Re8 12. Bb5 Nbd7 13. dxc5 bxc5 14. Qa4 a6 15.
Bxd7 Nxd7 16. Qb3 Bc6 17. Qd1 Nf6 18. Ne2 Rc8 19. a3 a5 20. Ne1 d4 21. exd4 Bb5
22. Ng3 Bxg3 23. fxg3 Qxd4+ 0-1